| 000 | 00565cam a2200229 4500 | ||
|---|---|---|---|
| 008 | 090401t1996 xxu||||| |||| 00| 0 eng d | ||
| 020 | _a1859412068 | ||
| 035 | _a(Sirsi) u81779 | ||
| 041 | _aeng | ||
| 050 | _a328.37 | ||
| 100 | _aGifford, D.J. | ||
| 245 | _aHow to understand an act of Parliament. | ||
| 260 |
_aLondon _bCavendish Publishing Limited _c1996 |
||
| 300 | _axl,196p. ; 24cm. | ||
| 350 | _a9.95 | ||
| 650 | _aACTS OF PARLIAMENT | ||
| 650 | _aLEGISLATION | ||
| 690 | _aLAW | ||
| 700 | _aSalter, John | ||
| 942 | _n0 | ||
| 948 | _c30/10/1997 | ||
| 999 |
_c96746 _d96746 |
||